Normal view MARC view

Entry Corporate Name

Number of records used in: 1

001 - CONTROL NUMBER

  • control field: 1650

003 - CONTROL NUMBER IDENTIFIER

  • control field: DLC

005 - DATE AND TIME OF LATEST TRANSACTION

  • control field: 20200129101131.0

008 - FIXED-LENGTH DATA ELEMENTS

  • fixed length control field: 801205n| azannaabn |a ana

010 ## - LIBRARY OF CONGRESS CONTROL NUMBER

  • LC control number: n 50071187

035 ## - SYSTEM CONTROL NUMBER

  • System control number: (OCoLC)oca00105185

040 ## - CATALOGING SOURCE

  • Original cataloging agency: DLC
  • Language of cataloging: eng
  • Description conventions: rda
  • Transcribing agency: DLC
  • Modifying agency: DLC
  • Modifying agency: DLC-ON
  • Modifying agency: OCoLC
  • Modifying agency: DLC

110 2# - HEADING--CORPORATE NAME

  • Corporate name or jurisdiction name as entry element: All India Management Association

370 ## - ASSOCIATED PLACE

  • Place of residence/headquarters: New Delhi, India

410 2# - SEE FROM TRACING--CORPORATE NAME

  • Corporate name or jurisdiction name as entry element: AIMA

670 ## - SOURCE DATA FOUND

  • Source citation: Indian management.

670 ## - SOURCE DATA FOUND

  • Source citation: Effective management for national growth, c1984:
  • Information found: t.p. (All India Management Association, New Delhi) pref. (AIMA)

Powered by Koha